000 00409nam a2200169Ia 4500
100 _aLee/William C.Y
650 _aMobile telecommunications
250 _a2
942 _cBK
366 _f25
654 _amobile
245 _aMobile cellular telecommunicatins analog and digital systems
260 _bTata Mc Graw hill Ltd.
_c1995
082 _a621.382
_bLEE
300 _a664
546 _aENGLISH
_cTTL
999 _c30417
_d30417